000 00288nam a22001337a 4500
008 181226b xxu||||| |||| 00| 0 eng d
020 _a9781847192509
041 _aeng
080 _a370
100 _a47
101 _aEDU
245 _aLearning J Query
_cJonathan.CH
942 _2udc
_cBK
999 _c53764
_d53764